000 00740nam a2200193Ia 4500
003 GCL
008 140319s9999 xx 000 0 ara d
040 _aGCL /
_cGCL
082 0 4 _a792.02
_bم ن
100 1 _aميلنج، جان
245 1 0 _aنظريات حديثة فى الاداء المسرحى من ستنسلافسكى الى بوال /
_cميلنج، جان
700 1 _aلى، جرهام
260 _aالقاهرة :
_bوزارة الثقافة - مهرجان القاهرة الدولى للمسرح التجريبى ،
_c2004
300 _a298 ص ؛
_c24 سم
650 0 4 _aالتمثيل المسرحى
650 0 4 _aالتمثيل فى المسرح
650 0 4 _aالممثلون والممثلات
942 _2ddc
_cBK
999 _c7167
_d7167